Prueba de Timor Oriental - Estadísticas

Estadísticas generales
  • Esta prueba ha sido intentada 550 veces
  • La puntuación promedio es 9 de 15
Estadísticas de respuestas
Pista Respuesta % Correcto
País que se anexionó a Timor Oriental en 1975 Indonesia
94%
Timor Oriental fue una colonia de este país desde ~1700 hasta 1975 Portugal
87%
Idiomas oficiales Portugués
84%
Capital Dili
79%
El único otro país predominantemente católico en Asia Filipinas
73%
Primer país en reconocer la anexión que también fue sorprendido espiando a Timor Oriental en 2004 Australia
63%
El nombre oficial de Timor Oriental según las Naciones Unidas Timor-{Leste}
59%
Moneda Dólar
58%
Nombra uno de los tres mares principales que tocan Timor Oriental Banda | Savu | Timor
55%
El grano que constituye el 22% del total de las exportaciones Café
52%
¿Qué es responsable de casi la mitad de las exportaciones totales del país? Petróleo
51%
Según el mito de la creación de Timor Oriental, la isla de Timor se hizo del cuerpo de este reptil Cocodrilo
47%
La palabra "Timor" viene de la palabra malaya "timur". ¿Qué significa? Este
45%
Idiomas oficiales Tetun
21%
La isla de Timor es parte de este archipiélago Islas Menores de la {Sonda}
19%
No se encontraron pruebas coincidentes
Distribución de puntuación
Porcentaje de gente con cada puntuación
Porcentaje por número respondido
Historial de tus puntuaciones
No has intentado esta prueba.